Statistics for Land Area Quiz

Click here to take the quiz!

General Stats

  • This quiz has been taken 5 times
  • The average score is 4 of 15

Answer Stats

HintAnswer% Correct
17,098,246Russia
100%
9,833,517USA
100%
38,394Bhutan
25%
1,002,450Egypt
25%
93,028Hungary
25%
10,991Jamaica
25%
270,467New Zealand
25%
462,840Papua New Guinea
25%
652,867Afghanistan
0%
29,743Armenia
0%
86,600Azerbaijan
0%
622,984Central African Republic
0%
78,871Czechia
0%
923,768Nigeria
0%
300,000Philippines
0%

Score Distribution

Percentile by Number Answered

Percent of People with Each Score

Your Score History

You have not taken this quiz